Central Library OPAC University of Rajshahi

The complete idiot's guide to grammar and style / (Record no. 77250)

MARC details
000 -LEADER
fixed length control field 00977nam a2200301 a 4500
001 - CONTROL NUMBER
control field 77250
003 - CONTROL NUMBER IDENTIFIER
rucl marc code BD-RjUL
005 - DATE AND TIME OF LATEST TRANSACTION
control field 20211209082941.0
008 - FIXED-LENGTH DATA ELEMENTS--GENERAL INFORMATION
fixed length control field 200308s2003 inua 001 0 eng d
020 ## - INTERNATIONAL STANDARD BOOK NUMBER
International Standard Book Number 1592571158 (pbk.)
035 ## - SYSTEM CONTROL NUMBER
System control number (BD-RjUL)77475
040 ## - CATALOGING SOURCE
Original cataloging agency DLC
Transcribing agency DLC
Modifying agency DLC
-- BD-RjUL
Language of cataloging eng
041 ## - LANGUAGE CODE
Language code of text/sound track or separate title eng
082 00 - DEWEY DECIMAL CLASSIFICATION NUMBER
Classification number 808.042
Edition number 22
Author mark and year ROG 2003
100 1# - MAIN ENTRY--PERSONAL NAME
Personal name Rozakis, Laurie.
9 (RLIN) 240492
245 14 - TITLE STATEMENT
Title The complete idiot's guide to grammar and style /
Statement of responsibility, etc. by Laurie E. Rozakis.
246 30 - VARYING FORM OF TITLE
Title proper/short title Grammar and style
250 ## - EDITION STATEMENT
Edition statement 2nd ed.
260 ## - PUBLICATION, DISTRIBUTION, ETC. (IMPRINT)
Place of publication, distribution, etc. Indianapolis, Ind. :
Name of publisher, distributor, etc. Alpha,
Date of publication, distribution, etc. c2003.
300 ## - PHYSICAL DESCRIPTION
Pagination xxiv, 404 p. :
Illustrations ill. ;
Size 24 cm.
500 ## - GENERAL NOTE
General note Includes index.
650 #0 - SUBJECT ADDED ENTRY--TOPICAL TERM
Topical term or geographic name as entry element English language
General subdivision Rhetoric
Form subdivision Handbooks, manuals, etc.
9 (RLIN) 240493
Topical term or geographic name as entry element English language
General subdivision Grammar
Form subdivision Handbooks, manuals, etc.
9 (RLIN) 240494
Topical term or geographic name as entry element English language
General subdivision Usage
Form subdivision Handbooks, manuals, etc.
9 (RLIN) 240495
942 ## - ADDED ENTRY ELEMENTS (KOHA)
Source of classification or shelving scheme Dewey Decimal Classification
Koha item type Books
Holdings
Lost status Source of classification or shelving scheme Damaged status Not for loan Permanent Location Current Location Shelving location Date acquired Source of acquisition Cost, normal purchase price Total Checkouts Full call number Date last seen Copy number Koha item type
  Dewey Decimal Classification   Not For Loan Central Library, University of Rajshahi Central Library, University of Rajshahi Reading Room 20/02/2020 American Center Library, Dhaka 16.95   808.042 ROG 2003 08/03/2020 C-1 Books